000 00326nam a22001217a 4500
040 _cSY
082 _a571
100 _aKUY SOPHAL; គួយ សុផល
245 _aWeed science; វិទ្យាសាស្រ្តរុក្ខជាតិចង្រៃ
260 _aRUA
_bKUY
_c1994
300 _a47p.
942 _cKB
999 _c9307
_d9307